Cultura obrera y actitud y doctrina de la Iglesia / (Record no. 37289)

MARC details
000 -LEADER
campo de control de longitud fija 00509nam a2200169 i 4500
001 - NÚMERO DE CONTROL
campo de control 37289
003 - IDENTIFICADOR DE NÚMERO DE CONTROL
campo de control ES-MaACL
005 - FECHA Y HORA DE LA ÚLTIMA TRANSACCIÓN
campo de control 20230906155535.0
007 - CAMPO FIJO DE DESCRIPCIÓN FÍSICA--INFORMACIÓN GENERAL
campo de control de longitud fija t|
008 - DATOS DE LONGITUD FIJA--INFORMACIÓN GENERAL
campo de control de longitud fija 030220s1969 sp ||||1| spa d
100 1# - ENTRADA PRINCIPAL--NOMBRE DE PERSONA
Nombre de persona Bueno Losada, José.
9 (RLIN) 32401
245 10 - MENCIÓN DEL TÍTULO
Título Cultura obrera y actitud y doctrina de la Iglesia /
Mención de responsabilidad, etc. por José Bueno Losada.
250 ## - MENCION DE EDICION
Mención de edición [3ª ed.].
260 ## - PUBLICACIÓN, DISTRIBUCIÓN, ETC.
Lugar de publicación, distribución, etc. [Algorta (Vizcaya) ;
-- [Madrid :
Nombre del editor, distribuidor, etc. Zero :
-- Casado,
Fecha de publicación, distribución, etc. 1969]
300 ## - DESCRIPCIÓN FÍSICA
Extensión 87 p. ;
Dimensiones 17 cm.
852 ## - LOCALIZACIÓN
Ubicación ES-MaACL
Número de control de estantería C-44451
Sublocalización o colección R.72949
Holdings
Estatus retirado Estado de pérdida Estado de daño No para préstamo Biblioteca de origen Biblioteca actual Ubicación en estantería Fecha de adquisición Fuente de adquisición Total de préstamos Signatura topográfica completa Código de barras Visto por última vez Precio de reemplazo Tipo de ítem Koha
        Biblioteca del Ateneo de Madrid Biblioteca del Ateneo de Madrid Depósito 2 17/01/2008     C-44451 1039239 23/02/2023 23/02/2023 Libro impreso